| 000 | 01213cam a22003017i 4500 | ||
|---|---|---|---|
| 999 |
_c7553 _d7553 |
||
| 003 | OSt | ||
| 005 | 20200313051145.0 | ||
| 008 | 190111s2013 cauae b 000 0 eng | ||
| 020 |
_a9781935935469 _q(hbk.) |
||
| 082 | 0 | 4 |
_a712.609794 _223 _bWHI |
| 100 | 1 |
_aWhite, Hazel, _eauthor. |
|
| 245 | 1 | 0 |
_aLiving land : _bthe gardens of Blasen Landscape Architecture / _ctext by Hazel White, foreword by Catherine Wagner, photography by Marion Brenner ; edited by Eric Blasen and Silvina Martierena Blasen. |
| 246 | 3 | 0 | _aGardens of Blasen Landscape Architecture |
| 250 | _aFirst edition. | ||
| 300 |
_a185 pages : _bcolor illustrations, color plans ; _c24 cm |
||
| 504 | _aIncludes bibliographical references (pages 182-183). | ||
| 610 | 2 | 0 | _aBlasen Landscape Architecture. |
| 650 | 0 |
_aLandscape architecture _zCalifornia, Northern. |
|
| 650 | 0 |
_aGardens _zCalifornia, Northern. |
|
| 650 | 7 |
_aGardens. _2fast |
|
| 650 | 7 |
_aLandscape architecture. _2fast |
|
| 651 | 7 |
_aCalifornia, Northern. _2fast |
|
| 700 | 1 |
_aBrenner, Marion, _ephotographer. |
|
| 700 | 1 |
_aBlasen, Eric, _eeditor. |
|
| 700 | 1 |
_aBlasen, Silvina Martierena, _eeditor. |
|
| 710 | 2 |
_aBlasen Landscape Architecture, _elandscape architect. |
|
| 942 | _2ddc | ||